Statistiken für 100 besten Fußballer 2021 (Fair)

Klicken Sie hier um das Quiz zu spielen!

Allgemein

  • Dieses Quiz wurde 61 mal gespielt
  • Das Durchschnittsergebnis liegt bei 53 aus 100

Antwortstatistiken

VereinSpielerPosition% Korrekt
Manchester UnitedRonaldoST
98%
Bayern MünchenLewandowskiST
96%
PSGMessiRF
96%
Real MadridBenzemaST
94%
PSGMbappeST
94%
LiverpoolSalahRF
94%
TottenhamKaneST
90%
Manchester CityDe BruyneZM
87%
DortmundHaalandST
87%
PSGNeymarLF
87%
Bayern MünchenKimmichZDM
85%
Bayern MünchenMüllerZOM
81%
Bayern MünchenNeuerTW
81%
ChelseaKanteZDM
77%
LiverpoolManeLF
77%
Bayern MünchenGoretzkaZM
75%
PSGDonnarumaTW
71%
Manchester UnitedFernandesZOM
71%
ChelseaLukakuST
71%
Atlético MadridGriezmannST
69%
ChelseaHavertzST
69%
Real MadridKroosZM
69%
Real MadridModricZM
69%
TottenhamSonLF
69%
Bayern MünchenGnabryRF
67%
Real MadridViniciusLF
67%
Bayern MünchenDaviesLV
65%
LiverpoolAlissonTW
63%
DortmundBellinghamZM
62%
Manchester CityDiasIV
62%
Inter MailandMartinezST
62%
Aston VillaMartinezTW
62%
LiverpoolVan DijkIV
62%
Manchester CityEdersonTW
60%
LiverpoolFirminoMS
60%
Manchester CityFodenRF
60%
ChelseaRüdigerIV
60%
ChelseaSilvaIV
60%
Manchester CitySilvaZOM
60%
Manchester CityWalkerRV
60%
Manchester CityRodriZDM
58%
Atlético MadridSuarezST
58%
PSGHakimiRV
56%
Manchester CitySterlingLF
56%
LiverpoolAlexander ArnoldRV
54%
Real MadridCourtoisTW
54%
PSGVerrattiZM
54%
Real MadridAlabaIV
52%
JuventusBonucciIV
52%
Manchester CityGrealishLF
52%
PSGNavasTW
52%
Atlético MadridOblakTW
52%
BarcelonaPedriZM
52%
ArsenalSakaRF
52%
LeverkusenSchickST
52%
JuventusChielliniIV
50%
ChelseaJorginhoZM
50%
RB LeipzigOlmoZOM
50%
Inter MailandBarellaZM
48%
Lazio RomImmobileST
48%
BarcelonaGaviZM
46%
West HamRiceZDM
46%
Real MadridCasemiroZDM
44%
JuventusChiesaLF
44%
AC MailandIbrahimovicST
44%
PSGMarquinhosIV
44%
FlorenzVlahovicST
44%
Manchester CityGündoganZM
42%
Manchester CityMahrezRM
42%
ChelseaMendyTW
42%
ChelseaMountZOM
42%
ChelseaJamesRV
40%
Manchester UnitedPogbaZM
40%
Leicester CitySchmeichelTW
40%
BarcelonaBusquetsZDM
38%
PSGDi MariaRF
38%
AjaxHallerST
37%
VillarrealMorenoST
37%
Atlético MadridFelixMS
35%
NeapelInsigneLF
35%
Manchester CityCanceloLV
33%
Manchester UnitedShawLV
33%
AS RomSpinazzolaLAV
33%
Atlético MadridLlorenteZM
31%
AjaxTadicMS
31%
Atalanta BergamoZapataST
31%
River PlateAlvarezST
29%
Real SociedadOyarzabalLF
29%
Inter MailandBrozovicZDM
27%
LiverpoolFabinhoZDM
27%
PortoDiazLF
25%
LiverpoolJotaMS
25%
BarcelonaDepayST
23%
AC MailandKjaerIV
23%
ChelseaAzpilicuetaRV
21%
LilleYilmazST
21%
Atlético MadridDe PaulZM
19%
TottenhamHojbjergZDM
17%
Leicester CityTielemansZM
13%
Atalanta BergamoMaehleLAV
10%

Verteilung der Resultate

Perzentil nach korrekt beantworteten Fragen

Anzahl Personen mit jedem Resultat

Ihre Resultats-Entwicklung

Sie haben dieses Quiz noch nicht gespielt